000 00906nam a2200265Ia 4500
003 OSt
005 20221005111247.0
006 a|||||r|||| 00| 0
007 ta
008 221004b |||||||| |||| 00| 0 hin d
020 _a8170555736 (hbk)
_c95
024 _a115735
037 _b370, 17/02/2011, Vani Prakashan
_cTextual
040 _aCRL
_cCRL
_bhin
041 _2hin
_ahin
082 _aO157,2N35,NV, 152N8
100 _aघोष, चितरंजन
245 0 _aनटी विनोदिनी
246 _aNaṭī vinodinī
260 _aनई दिल्ली
_bवाणी प्रकाशन भारत
_c1998
300 _a104पृ0
_ccm.
650 _aबंगाली साहित्य
942 _hO157,2N35,NV, 152N8
_cTEXL
_2cc
999 _c1021294
_d1021294